000 00727cam a2200253 a 4500
001 4872259
005 20180221042129.0
008 940309s1993 txu b 001 0 eng d
010 _a 92073482
020 _a0030768470
035 _a(OCoLC)28050202
040 _aCU-I
_cCU-I
_dDLC
041 _aeng
042 _alccopycat
080 _a37 AU
082 _a37 AU
100 1 _a47
101 _aEDU
245 1 0 _aLiteracy instruction in multicultural settings /
_cKathryn H. Au.
504 _aIncludes bibliographical references (p. 191-199) and index.
906 _a7
_bcbc
_ccopycat
_d2
_eopcn
_f19
_gy-gencatlg
942 _2ddc
_cBK
999 _c43019
_d43019